Statistiche per Riconosci il calciatore dalla foto - Quiz n°8

Clicka qui per fare il quiz!

Statistiche generali

  • Questo quiz è stato fatto 43 volte
  • Il punteggio medio è 7 su 10

Statistiche sulle risposte

Risposta% Corretto
Romelu Lukaku
97%
Simone Zaza
94%
Zlatan Ibrahimović
94%
Matteo Darmian
91%
Ruslan Malinovs'kyj
67%
Nicola Zalewski
64%
Teun Koopmeiners
58%
Gabriel Martinelli
48%
Santi Cazorla
45%
Lucas Ocampos
39%

Distribuzione punteggi

Percentile per numero di risposta

Percentuale di utenti per punteggio

I tuoi punteggi nel tempo

Non hai fatto questo quiz